La fotografía como documento social
Furkejuvvon:
| Váldodahkki: | |
|---|---|
| Eará dahkkit: | |
| Materiálatiipa: | Girji |
| Giella: | espánnjágiella |
| Almmustuhtton: |
Barcelona, España:
Gustavo Gili,
1993.
|
| Preanttus: | 1a. edición. |
| Fáttát: | |
| Fáddágilkorat: |
Lasit fáddágilkoriid
Eai fáddágilkorat, Lasit vuosttaš fáddágilkora!
|
MARC
| LEADER | 00000cam a2200000 a 4500 | ||
|---|---|---|---|
| 001 | UCI4243 | ||
| 003 | CL-VaPUC | ||
| 005 | 20250321101906.0 | ||
| 008 | 080104e19930000SP |||||||||||||||||spa|d | ||
| 999 | |c 328211 |d 328209 | ||
| 020 | |a 84-252-1881-0 | ||
| 020 | |a 978-84-252-1881-1 | ||
| 040 | |c Pontificia Universidad Católica de Valparaíso | ||
| 082 | 0 | 4 | |a 770.9 FRE 1993 |2 21 |
| 100 | |a Freund, Gisèle |e autora |9 526040 | ||
| 245 | 1 | 3 | |a La fotografía como documento social |
| 250 | |a 1a. edición. | ||
| 260 | |a Barcelona, España: |b Gustavo Gili, |c 1993. | ||
| 300 | |a 207 págians : |b fotografías | ||
| 500 | |a c.3-c.10 Instituto Arcos 8-1-2025 | ||
| 583 | |a last modification |c 20120727 12:56:00 |k Rodrigo Vera | ||
| 650 | |a Fotografía |x Historia |9 895419 | ||
| 650 | |a Fotografía |x Aspectos sociales |9 895425 | ||
| 700 | |a Elias, Josep |e versión castellana |9 895426 | ||
| 942 | |c BK |2 ddc |n 0 | ||
| 945 | |d 20080104 00:00:00 |a jtorresc | ||
| 952 | |0 0 |1 0 |4 0 |6 779_000000000000000_FRE_1993 |7 0 |8 A |9 412008 |a BIBART |b BIBART |d 2019-11-22 |i 439920K |o 779 FRE 1993 |p 439920K |r 2025-03-13 |w 2019-11-22 |y BK |k ART | ||
| 952 | |0 0 |1 0 |4 0 |6 779_000000000000000_FRE_1993 |7 0 |8 A |9 412009 |a BIBART |b BIBART |d 2019-11-22 |i 4883233 |l 2 |o 779 FRE 1993 |p 4883233 |r 2025-04-21 |s 2025-04-21 |w 2019-11-22 |y BK |k ART | ||
| 952 | |0 0 |1 0 |2 ddc |4 0 |6 770_900000000000000_FRE_1993 |7 0 |8 A |9 599330 |a BIBINC |b BIBINC |d 2025-01-15 |e Instituto Arcos |i 5664353 |l 1 |m 1 |o 770.9 FRE 1993 |p 5664353 |q 2025-05-23 |r 2025-03-25 |s 2025-03-25 |t 3 |w 2025-01-15 |y BK |k IFP | ||
| 952 | |0 0 |1 0 |2 ddc |4 0 |6 770_900000000000000_FRE_1993 |7 0 |8 A |9 599331 |a BIBINC |b BIBINC |d 2025-01-15 |e Instituto Arcos |i 5664354 |o 770.9 FRE 1993 |p 5664354 |r 2025-01-15 |t 4 |w 2025-01-15 |y BK |k IFP | ||
| 952 | |0 0 |1 0 |2 ddc |4 0 |6 770_900000000000000_FRE_1993 |7 0 |8 A |9 599332 |a BIBINC |b BIBINC |d 2025-01-15 |e Instituto Arcos |i 5664355 |l 1 |m 1 |o 770.9 FRE 1993 |p 5664355 |r 2025-04-22 |s 2025-04-08 |t 5 |w 2025-01-15 |y BK |k IFP | ||
| 952 | |0 0 |1 0 |2 ddc |4 0 |6 770_900000000000000_FRE_1993 |7 0 |8 A |9 599333 |a BIBINC |b BIBINC |d 2025-01-15 |e Instituto Arcos |i 5664356 |o 770.9 FRE 1993 |p 5664356 |r 2025-01-15 |t 6 |w 2025-01-15 |y BK |k IFP | ||
| 952 | |0 0 |1 0 |2 ddc |4 0 |6 770_900000000000000_FRE_1993 |7 0 |8 A |9 599334 |a BIBINC |b BIBINC |d 2025-01-15 |e Instituto Arcos |i 5664357 |o 770.9 FRE 1993 |p 5664357 |r 2025-01-15 |t 7 |w 2025-01-15 |y BK |k IFP | ||
| 952 | |0 0 |1 0 |2 ddc |4 0 |6 770_900000000000000_FRE_1993 |7 0 |8 A |9 599335 |a BIBINC |b BIBINC |d 2025-01-15 |e Instituto Arcos |i 5664358 |o 770.9 FRE 1993 |p 5664358 |r 2025-01-15 |t 8 |w 2025-01-15 |y BK |k IFP | ||
| 952 | |0 0 |1 0 |2 ddc |4 0 |6 770_900000000000000_FRE_1993 |7 0 |8 A |9 599336 |a BIBINC |b BIBINC |d 2025-01-15 |e Instituto Arcos |i 5664359 |o 770.9 FRE 1993 |p 5664359 |r 2025-01-15 |t 9 |w 2025-01-15 |y BK |k IFP | ||
| 952 | |0 0 |1 0 |2 ddc |4 0 |6 770_900000000000000_FRE_1993 |7 0 |8 A |9 599337 |a BIBINC |b BIBINC |d 2025-01-15 |e Instituto Arcos |i 5664360 |l 1 |o 770.9 FRE 1993 |p 5664360 |r 2025-04-10 |s 2025-04-02 |t 10 |w 2025-01-15 |y BK |k IFP | ||